000 00420nam a2200157 4500
001 121968
003 ES-MaACL
005 20230906191900.0
007 t|
008 070214s1969 sp r ||||1| spa d
100 1 _aPosada, José.
_993323
245 1 4 _aLas sordas profesiones /
_cJosé Posada.
260 _aMadrid :
_bBiblioteca Nueva,
_c1969.
300 _a109 p. ;
_c22 cm.
852 _aES-MaACL
_jC-36054
_bR.69745
999 _c121968
_d121968